Micro organisms in the soil
Saved in:
| Hovedforfatter: | |
|---|---|
| Format: | Bog |
| Sprog: | engelsk |
| Udgivet: |
Londres
Hutchinson University
1958
|
| Serier: | Biological Science
|
| Fag: | |
| Tags: |
Tilføj Tag
Ingen Tags, Vær først til at tagge denne postø!
|
MARC
| LEADER | 00000nam a2200000 a 4500 | ||
|---|---|---|---|
| 001 | UCR6795 | ||
| 003 | CL-VaPUC | ||
| 008 | 980423e19580000UK |||||||||||||||||eng|d | ||
| 082 | 0 | 4 | |a 631.461 |b BUR |2 21 |
| 100 | 0 | |a Burges, Alan |e author |9 407919 | |
| 245 | 1 | 0 | |a Micro organisms in the soil |
| 300 | |a 188 p | ||
| 942 | |c BK | ||
| 945 | |d 19980423 00:00:00 |a crobeson | ||
| 260 | |a Londres |b Hutchinson University |c 1958 | ||
| 650 | 0 | |a Suelos |9 260322 | |
| 650 | 0 | |a Microorganismos |9 264259 | |
| 650 | 7 | |a CIENCIA DEL SUELO |2 CL-VaPUC |9 407426 | |
| 583 | |a last modification |c 19980423 00:00:00 |k Rodrigo Vera | ||
| 490 | 0 | |a Biological Science | |
| 999 | |c 268701 |d 268699 | ||
| 952 | |0 0 |1 0 |4 0 |6 631_461000000000000_BUR_1958 |7 0 |8 A |9 301953 |a BIBALI |b BIBALI |c GEN |d 2019-11-20 |i 1988816 |o 631.461 BUR 1958 |p 1988816 |r 2025-01-20 |w 2019-11-20 |y BK |k ALI | ||